Mammal or not? - Statistics

General Stats
  • This quiz has been taken 53 times
  • The average score is 14 of 15
Answer Stats
Question Answer % Correct
Platypus Mammal
100%
Rat Mammal
100%
Bat Mammal
100%
Capybara Mammal
100%
Blue Whale Mammal
100%
Turtle Not a mammal
100%
Frog Not a mammal
100%
Shark Not a mammal
100%
Sea Urchins Not a mammal
100%
Dolphin Mammal
88%
Walrus Mammal
88%
Hippopotamus Mammal
88%
Penguins Not a mammal
88%
Komodo Dragon Not a mammal
88%
Ostrich Not a mammal
75%
No matching quizzes found
Score Distribution
Percent of People with Each Score
Percentile by Number Answered
Your Score History
You have not taken this quiz